000 00402nam a22001697a 4500
003 MPLRDC
005 20220104143857.0
008 210129b ||||| |||| 00| 0 eng d
082 _a417.31 CLAR
100 _aCLARINS
245 _a怀孕中的您最美丽
_c
260 _a
_bPARIS
_c
300 _b
490 _aCLARINS BEAUTY ESSENTIALS
650 _a产科护理
942 _cBK
_o417.31 CLAR
999 _c44228
_d44218